Statistiques concernant Quiz sur les Kiribati

Cliquez ici pour prendre le quiz!

Statistiques générales

  • Ce quiz a été pris 2 227 fois
  • Le résultat moyen est 10 sur 18

Statistiques - réponses

QuestionRéponse% Correct
Langues officiellesAnglais
93%
Régions d'Océanie auxquelles les Kiribati appartiennent{Micro}nésie
85%
Régions d'Océanie auxquelles les Kiribati appartiennent{Poly}nésie
83%
Pays auquel les Kiribati appartenaient jusqu'en 1979Royaume-Uni
83%
Avec les Maldives, les Kiribati sont l'un des pays les plus menacés par ce phénomèneMontée des eaux
81%
Devise monétaireDollar australien
77%
Pays qui occupait les Kiribati entre 1941 à 1943Japon
76%
Pays qui revendiquait les îles Canton et Enderbury,
appartenant aux Kiribati, jusqu'à l'indépendance
États-Unis
64%
Terme désignant des récifs coraliens formant des îles comme celles du KiribatiAtoll
54%
Langues officiellesGilbertin
54%
Capitale et plus grande villeTarawa
51%
Navigateur qui a visité cette île le 24 décembre 1777 et l'a nomméeJames Cook
50%
Pays qui a fait sécession des Kiribati en 1976Tuvalu
49%
Si l'on exclut les territoires d'outre-mer, les Kiribati sont le seul
pays qui se situe dans les 4 ______ du globe à la fois
Hémisphères
44%
Produit alimentaire qui représente 91% des exportations du paysPoisson
42%
Type d'oiseau qui figure sur le drapeau national (c'est aussi le nom d'un type de bateau)F{régate}
30%
Île aujourd'hui néozélandaise qui était administrée par les Kiribati jusqu'en 1925T{okelau}
18%
Île qui compte pour près de 70% de la superficie du paysKiritimati
(Île Christmas)
13%

Distribution des résultats

Percentile par nombre de réponses

% des personnes avec chaque résultat

Votre développement - résultats

Vous n’avez pas pris ce quiz